Fundamentals of oceanography
Guardado en:
| Autor principal: | |
|---|---|
| Formato: | Libro |
| Lenguaje: | Undetermined |
| Publicado: |
Boston
McGraw-Hill
2002
|
| Materias: | |
| Etiquetas: |
Agregar Etiqueta
Sin Etiquetas, Sea el primero en etiquetar este registro!
|
| Thư viện lưu trữ: | Trung tâm Học liệu Trường Đại học Cần Thơ |
|---|
| LEADER | 00529nam a2200193Ia 4500 | ||
|---|---|---|---|
| 001 | CTU_115889 | ||
| 008 | 210402s9999 xx 000 0 und d | ||
| 020 | |c 100.31 | ||
| 082 | |a 551.46 | ||
| 082 | |b D988 | ||
| 100 | |a Duxbury, Alison B. | ||
| 245 | 0 | |a Fundamentals of oceanography | |
| 245 | 0 | |c Alison B. Duxbury, Alyn C. Duxbury, Keith A. Sverdrup | |
| 260 | |a Boston | ||
| 260 | |b McGraw-Hill | ||
| 260 | |c 2002 | ||
| 650 | |a oceanography | ||
| 904 | |i Tuyến | ||
| 980 | |a Trung tâm Học liệu Trường Đại học Cần Thơ | ||